[Event "ROM-ch U08 Girls"]
[Site "Baile Felix"]
[Date "2017.02.04"]
[Round "3"]
[White "Onica, Maya Briana"]
[Black "Lungu, Stefania"]
[Result "0-1"]
[WhiteElo "1001"]
[BlackElo "1055"]
[PlyCount "50"]
[EventDate "2017.02.02"]
[EventType "swiss"]
[EventRounds "9"]
[EventCountry "ROU"]
[SourceTitle "CBM 176 Extra"]
[Source "ChessBase"]
[SourceDate "2017.03.02"]
[SourceVersion "1"]
[SourceVersionDate "2017.03.02"]
[SourceQuality "1"]

1. e4 e5 2. Bc4 Nf6 3. Nf3 Bc5 4. 0-0 d6 5. d3 Bg4 6. h3 Bh5 7. Nc3 Nc6 8. Bg5 0-0 9. Na4 Bb6 10. Nc3 Nd4 11. Nd5 c6 12. Ne3 h6 13. Bh4 a6 14. c3 Nxf3+ 15. gxf3 Ba7 16. Qa4 b5 17. Qb3 bxc4 18. dxc4 Rb8 19. Qa3 Rb6 20. Nc2 Bxf3 21. Ne1 Bxe4 22. f3 Bg6 23. Qa4 Qe7 24. Qa5 Rfb8 25. Rb1 Rb5+ 0-1